Návrh odporúčaní pre aplikáciu systémov: marketingu, spoločensky zodpovedného podnikania a udržateľného rozvoja pre MSP na Slovensku

Enregistré dans:
Détails bibliographiques
Auteur principal: Mazanovský, Peter, 1988- (Auteur)
Autres auteurs: Sakál, Peter, 1951- (Directeur de thèse)
Format: Manuscrit Livre
Langue:slovaque
Publié: Trnava : STU v Bratislave MTF UPMK, 2012
Sujets:
Accès en ligne:VAIS
Tags: Ajouter un tag
Pas de tags, Soyez le premier à ajouter un tag!

MARC

LEADER 00000ntm a22000003a 4500
001 stu250946
005 20150617230200.1
008 120719s2012----xo------------------slo-d
040 |a STU  |b slo 
041 0 |a slo 
044 |a xo 
100 1 |a Mazanovský, Peter,  |d 1988-  |4 aut  |u M  |T MTF Materiálovotechnologická fakulta  |X 48693  |U M  |Y 60  |7 A000048693 
242 0 0 |a Marketing, sustainable development and corporate social responsibility   |y eng 
245 1 |a Návrh odporúčaní pre aplikáciu systémov: marketingu, spoločensky zodpovedného podnikania a udržateľného rozvoja pre MSP na Slovensku 
260 |a Trnava :  |b STU v Bratislave MTF UPMK,  |c 2012 
300 |a 58s  |c CD ROM 
650 7 |a priemyselné manažérstvo  |2 stusub 
650 7 |a Industrial Management  |2 estusub 
650 7 |a marketing  |2 estusub 
650 7 |a corporate responsibility  |2 estusub 
650 7 |a sustainable development  |2 estusub 
650 7 |a trvalo udržateľný rozvoj  |2 stusub 
700 1 |a Sakál, Peter,  |d 1951-  |4 ths  |u M4000  |U MTF Materiálovotechnologická fakulta  |T MTF Ústav priemyselného inžinierstva a manažmentu  |X 325  |U M4000  |Y 84  |7 A000000325 
856 4 |a info a plný text  |u http://is.stuba.sk/zp/portal_zp.pl?podrobnosti=47324  |3 VAIS 
996 |c M*BP-5714  |l MMSKP  |s P  |a 0  |w stu250946_0001